=LDR 00000nam 2200000 4500 =001 INLIS000000000002110 =005 20130612090456 =008 ***********************************Ind** =035 ##$$0010-061300000002110 =041 ##$$a Ind =082 ##$$a 720.095 981 6 =090 ##$$a 720.095 981 6 , Ars a =245 ##$$a Arsitektur tradisional daerah Sumatera Selatan , Drs. Moh Alimansyur...[et al]; Editor Jonhny Siregar, B.A =260 ##$$a 1985 $b Bengkulu =300 ##$$a 104 hlm , ilus , 21 cm =650 ##$$a Arsitektur - Sulawesi Selatan =850 ##$$a NBPNMAT